| 000 | 00382cam a2200145ua 4500 | ||
|---|---|---|---|
| 003 | OSt | ||
| 008 | 250106b |||||||| |||| 00| 0 eng d | ||
| 041 | _aeng | ||
| 082 |
_a621.38103 _bGIB/IL |
||
| 100 |
_aGibilisco, Stan . _96800 |
||
| 245 | _aIllustrated dictionary of electronics / | ||
| 260 |
_aNew York : _bMcGraw Hill Book Company , _c2007. |
||
| 300 | _a791 ; . | ||
| 942 | _cBK | ||
| 999 |
_c13175 _d13175 |
||